Curso práctico de impuesto a la renta. Actualizado con Leyes Nºs 21.210 y 21.256

Guardat en:
Dades bibliogràfiques
Autor principal: Contreras Urzúa, Hugo (autor)
Altres autors: González Silva, Leonel (autor)
Format: Desconegut
Idioma:anglès
Publicat: Santiago, Chile: CEPET, 2021
Edició:8ª Edición
Matèries:
Etiquetes: Afegir etiqueta
Sense etiquetes, Sigues el primer a etiquetar aquest registre!

MARC

LEADER 00000 a2200000 4500
003 CL-VaPUC
005 20250108104504.0
008 220307b2021 ||||| |||| 00| 0 eng d
999 |c 434720  |d 434718 
020 |a 978-956-7583-63-8 
040 |c Pontificia Universidad Católica de Valparaíso 
082 |a 336.24 CON 2021  |2 22 
100 |a Contreras Urzúa, Hugo   |e autor  |9 866993 
245 |a Curso práctico de impuesto a la renta.   |b Actualizado con Leyes Nºs 21.210 y 21.256  
250 |a 8ª Edición  
260 |a Santiago, Chile:  |b CEPET,  |c 2021 
300 |a 900 páginas  
505 |a Sus fundamentos teóricos, conceptuales y doctrinarios. Explicación metódica y pedagógica de cada una de sus materias. Ejercicios, laboratorios, cuestionarios y casos prácticos,. 
583 |k Cristina María Rojas Aguilar  |c 20220307 
650 0 |a Impuesto a la renta  |9 258171 
650 0 |a Derecho tributario  |9 258895 
650 0 |a Impuestos  |9 255450 
700 |a González Silva, Leonel  |9 536012  |e autor 
942 |2 ddc  |c BK 
952 |0 0  |1 0  |2 ddc  |4 0  |6 336_240000000000000_CON_2021  |7 0  |8 A  |9 581669  |a BIBGIM  |b BIBGIM  |c GEN  |d 2022-03-07  |e 142  |g 48600.00  |i 5649153  |l 7  |o 336.24 CON 2021  |p 5649153  |r 2025-01-15  |s 2024-10-15  |t 7  |v 48600.00  |w 2022-03-07  |y BK  |k COM 
952 |0 0  |1 0  |2 ddc  |4 0  |6 336_240000000000000_CON_2021  |7 0  |8 A  |9 581670  |a BIBGIM  |b BIBGIM  |c GEN  |d 2022-03-07  |e 142  |g 48600.00  |i 5649137  |l 7  |m 1  |o 336.24 CON 2021  |p 5649137  |r 2025-01-15  |s 2023-05-11  |t 5  |v 48600.00  |w 2022-03-07  |y BK  |k COM 
952 |0 0  |1 0  |2 ddc  |4 0  |6 336_240000000000000_CON_2021  |7 0  |8 A  |9 581671  |a BIBGIM  |b BIBGIM  |c GEN  |d 2022-03-07  |e 142  |g 48600.00  |i 5649110  |l 4  |m 1  |o 336.24 CON 2021  |p 5649110  |r 2025-01-15  |s 2022-07-11  |t 3  |v 48600.00  |w 2022-03-07  |y BK  |k COM 
952 |0 0  |1 0  |2 ddc  |4 0  |6 336_240000000000000_CON_2021  |7 0  |8 A  |9 581672  |a BIBGIM  |b BIBGIM  |c GEN  |d 2022-03-07  |e 142  |g 48600.00  |i 5649161  |l 13  |m 6  |o 336.24 CON 2021  |p 5649161  |r 2025-01-15  |s 2024-03-25  |t 8  |v 48600.00  |w 2022-03-07  |y BK  |k COM 
952 |0 0  |1 0  |2 ddc  |4 0  |6 336_240000000000000_CON_2021  |7 0  |8 A  |9 581673  |a BIBGIM  |b BIBGIM  |c GEN  |d 2022-03-07  |e 142  |g 48600.00  |i 5649145  |l 6  |m 3  |o 336.24 CON 2021  |p 5649145  |r 2025-01-15  |s 2024-04-22  |t 6  |v 48600.00  |w 2022-03-07  |y BK  |k COM 
952 |0 0  |1 0  |2 ddc  |4 0  |6 336_240000000000000_CON_2021  |7 0  |8 A  |9 581674  |a BIBGIM  |b BIBGIM  |c GEN  |d 2022-03-07  |e 142  |g 48600.00  |i 564917K  |l 9  |m 7  |o 336.24 CON 2021  |p 564917K  |r 2025-01-15  |s 2024-10-03  |t 9  |v 48600.00  |w 2022-03-07  |y BK  |k COM 
952 |0 0  |1 0  |2 ddc  |4 0  |6 336_240000000000000_CON_2021  |7 0  |8 A  |9 581675  |a BIBGIM  |b BIBGIM  |c GEN  |d 2022-03-07  |e 142  |g 48600.00  |i 5649102  |l 2  |m 1  |o 336.24 CON 2021  |p 5649102  |r 2025-01-15  |s 2023-05-19  |t 2  |v 48600.00  |w 2022-03-07  |y BK  |k COM 
952 |0 0  |1 0  |2 ddc  |4 0  |6 336_240000000000000_CON_2021  |7 0  |8 A  |9 581676  |a BIBGIM  |b BIBGIM  |c GEN  |d 2022-03-07  |e 142  |g 48600.00  |i 5649099  |l 3  |o 336.24 CON 2021  |p 5649099  |r 2025-01-15  |s 2023-05-11  |t 1  |v 48600.00  |w 2022-03-07  |y BK  |k COM 
952 |0 0  |1 0  |2 ddc  |4 0  |6 336_240000000000000_CON_2021  |7 0  |8 A  |9 581677  |a BIBGIM  |b BIBGIM  |c GEN  |d 2022-03-07  |e 142  |g 48600.00  |i 5649129  |l 8  |m 3  |o 336.24 CON 2021  |p 5649129  |r 2025-01-15  |s 2023-06-22  |t 4  |v 48600.00  |w 2022-03-07  |y BK  |k COM 
952 |0 0  |1 0  |2 ddc  |4 0  |6 336_240000000000000_CON_2021  |7 0  |8 A  |9 582907  |a BIBGIM  |b BIBGIM  |c GEN  |d 2022-05-05  |e 22  |g 53550.00  |i 5651056  |l 7  |m 6  |o 336.24 CON 2021  |p 5651056  |r 2025-01-15  |s 2024-07-09  |t 10  |v 53550.00  |w 2022-05-05  |y BK  |k COM 
952 |0 0  |1 0  |2 ddc  |4 0  |6 336_240000000000000_CON_2021  |7 0  |8 A  |9 582908  |a BIBGIM  |b BIBGIM  |c GEN  |d 2022-05-05  |e 22  |g 53550.00  |i 5651078  |l 8  |m 3  |o 336.24 CON 2021  |p 5651078  |r 2025-01-15  |s 2024-08-21  |t 17  |v 53550.00  |w 2022-05-05  |y BK  |k COM 
952 |0 0  |1 0  |2 ddc  |4 0  |6 336_240000000000000_CON_2021  |7 0  |8 A  |9 582909  |a BIBGIM  |b BIBGIM  |c GEN  |d 2022-05-05  |e 22  |g 53550.00  |i 5651058  |l 5  |m 2  |o 336.24 CON 2021  |p 5651058  |r 2025-01-15  |s 2023-10-06  |t 12  |v 53550.00  |w 2022-05-05  |y BK  |k COM 
952 |0 0  |1 0  |2 ddc  |4 0  |6 336_240000000000000_CON_2021  |7 0  |8 A  |9 582910  |a BIBGIM  |b BIBGIM  |c GEN  |d 2022-05-05  |e 22  |g 53550.00  |i 5651075  |l 2  |o 336.24 CON 2021  |p 5651075  |r 2025-01-15  |s 2022-05-26  |t 14  |v 53550.00  |w 2022-05-05  |y BK  |k COM 
952 |0 0  |1 0  |2 ddc  |4 0  |6 336_240000000000000_CON_2021  |7 0  |8 A  |9 582911  |a BIBGIM  |b BIBGIM  |c GEN  |d 2022-05-05  |e 22  |g 53550.00  |i 5651057  |l 4  |m 3  |o 336.24 CON 2021  |p 5651057  |r 2025-01-15  |s 2024-03-25  |t 11  |v 53550.00  |w 2022-05-05  |y BK  |k COM 
952 |0 0  |1 0  |2 ddc  |4 0  |6 336_240000000000000_CON_2021  |7 0  |8 A  |9 582912  |a BIBGIM  |b BIBGIM  |c GEN  |d 2022-05-05  |e 22  |g 53550.00  |i 5651059  |l 5  |m 3  |o 336.24 CON 2021  |p 5651059  |r 2025-01-15  |s 2023-05-08  |t 13  |v 53550.00  |w 2022-05-05  |y BK  |k COM 
952 |0 0  |1 0  |2 ddc  |4 0  |6 336_240000000000000_CON_2021  |7 0  |8 A  |9 582913  |a BIBGIM  |b BIBGIM  |c GEN  |d 2022-05-05  |e 22  |g 53550.00  |i 5651076  |l 4  |m 2  |o 336.24 CON 2021  |p 5651076  |r 2025-01-15  |s 2023-03-21  |t 15  |v 53550.00  |w 2022-05-05  |y BK  |k COM 
952 |0 0  |1 0  |2 ddc  |4 0  |6 336_240000000000000_CON_2021  |7 0  |8 A  |9 582914  |a BIBGIM  |b BIBGIM  |c GEN  |d 2022-05-05  |e 22  |g 53550.00  |i 5651079  |l 9  |m 3  |o 336.24 CON 2021  |p 5651079  |r 2025-01-15  |s 2024-07-09  |t 18  |v 53550.00  |w 2022-05-05  |y BK  |k COM 
952 |0 0  |1 0  |2 ddc  |4 0  |6 336_240000000000000_CON_2021  |7 0  |8 A  |9 582915  |a BIBGIM  |b BIBGIM  |c GEN  |d 2022-05-05  |e 22  |g 53550.00  |i 5651077  |l 5  |o 336.24 CON 2021  |p 5651077  |r 2025-01-15  |s 2024-08-21  |t 16  |v 53550.00  |w 2022-05-05  |y BK  |k COM 
952 |0 0  |1 0  |2 ddc  |4 0  |6 336_240000000000000_CON_2021  |7 0  |8 A  |9 582916  |a BIBGIM  |b BIBGIM  |c GEN  |d 2022-05-05  |e 22  |g 53550.00  |i 5651080  |l 11  |m 5  |o 336.24 CON 2021  |p 5651080  |r 2025-01-15  |s 2024-08-21  |t 19  |v 53550.00  |w 2022-05-05  |y BK  |k COM